Vista normal
Vista MARC
Entrada Personal Name
Número de registros utilizados en: 1
001 - CONTROL NUMBER
- control field: 11534
003 - CONTROL NUMBER IDENTIFIER
- control field: DLC
005 - DATE AND TIME OF LATEST TRANSACTION
- control field: 20210617094219.0
008 - FIXED-LENGTH DATA ELEMENTS
- fixed length control field: 140115n| azannaabn |a aaa
010 ## - LIBRARY OF CONGRESS CONTROL NUMBER
- LC control number: nb2014001097
035 ## - SYSTEM CONTROL NUMBER
- System control number: (Uk)008930937
040 ## - CATALOGING SOURCE
- Original cataloging agency: Uk
- Language of cataloging: spa
- Description conventions: rda
- Transcribing agency: Mx-PuUPA
- Modifying agency: Mx-PuUPA
046 ## - SPECIAL CODED DATES
- Start period: 20
100 1# - HEADING--PERSONAL NAME
- Personal name: Schmarzo, Bill,
372 ## - FIELD OF ACTIVITY
- Field of activity: Almacenamiento de datos
- Field of activity: Inteligencia de Negocios
- Field of activity: Minería de uso web
- Source of term: lcsh
373 ## - ASSOCIATED GROUP
- Associated group: EMC Corporación
- Source of term: naf
374 ## - OCCUPATION
- Occupation: Industria informática - Empleados
- Source of term: lcsh
375 ## - GENDER
- Gender: hombre
377 ## - ASSOCIATED LANGUAGE
- Language code: eng
400 1# - SEE FROM TRACING--PERSONAL NAME
- Personal name: Schmarzo, William
670 ## - SOURCE DATA FOUND
- Source citation: Big data, [2013]:
- Information found: t.p. (Bill Schmarzo) prelim. (William Schmarzo; nearly three decades of experience in data warehousing, business intelligence and analytics; currently CTO of Enterprise Information Management & Analytics Practice for EMC Global Services)